| 000 | 00888cab a2200253 4500 | ||
|---|---|---|---|
| 001 | ABS55660 | ||
| 008 | 090401t1996 xxu||||| |||| 00| 0 eng d | ||
| 035 | _a(Sirsi) u17847 | ||
| 041 | _aeng | ||
| 100 | _aWaterman, L. | ||
| 245 | _aAsbestos in buildings | ||
| 260 | _c1996 | ||
| 350 | _a0 | ||
| 490 |
_aFacilities Management _vAugust 1996, 10-11(2) |
||
| 520 | _aBriefly reviews guidance to prevent exposure to airborn asbestos, aimed at facilities managers, contained in the Health and Safety Executive`s "Asbestos in workplace buildings". | ||
| 650 | _aMANAGEMENT-HEALTH AND SAFETY-HAZARDOUS SUBSTANCES-ASBESTOS | ||
| 650 | _aCONTROL OF ASBESTOS AT WORK REGULATIONS 1987 | ||
| 650 | _aLIABILITY | ||
| 650 | _aPREMISES MANAGEMENT | ||
| 690 | _aBUILT ENVIRONMENT-BUILDING STANDARDS | ||
| 690 | _aOFFICE SERVICES AND ADMINISTRATION | ||
| 942 | _n0 | ||
| 948 | _c04/03/1997 | ||
| 999 |
_c11836 _d11836 |
||